00355nam a22001217a 450000500170000002000230001703500130004003700130005324500670006626000480013330000230018170000290020420120502124230.0 a8180691705c550.00 aB-167365 aDPLbENG aElectoral reforms in India /cedited by Anjoo Sharan Upadhyaya aNew DelhibConcept Publishing Companyc2005 axv, 294p.c20 cms. aUpadhyaya, Anjoo Sharan